Normal view
MARC view
- SERVOMECHANISM
Entry Topical Term
001 - CONTROL NUMBER
- control field: 79663
003 - CONTROL NUMBER IDENTIFIER
- control field: NUST
005 - DATE AND TIME OF LATEST TRANSACTION
- control field: 20210628210513.0
008 - FIXED-LENGTH DATA ELEMENTS
- fixed length control field: 210628|| aca||aabn | a|a d
040 ## - CATALOGING SOURCE
- Original cataloging agency: NUST
- Transcribing agency: NUST
150 ## - HEADING--TOPICAL TERM
- Topical term or geographic name entry element: SERVOMECHANISM
670 ## - SOURCE DATA FOUND
- Source citation: Work cat.: (NUST): JAMES, HUBERT.M NICHOLS, NATHANIEL.B PHILLIPS, RALPH.S 79662, THEORY OF SERVOMECHANISM, 1948
